00892nam a22002417a 450000500170000000600190001700700140003600700030005000800410005302200140009403701150010804000130022304200080023604300120024424500550025626000810031130000170039231000150040936200430042450000720046765000450053971000660058420091015103222.0a|||||r|||||00| 0 he amb---bacpta091015t xxu||||| |||| 00| 0 eng d a0972-5652 bPublication Dept., National Council of Educational Research and Training, Sri Aurobindo Marg, New Delhi-110016 aDLCcDLC alcd aa-ii--- aIndian educational abstractsbhalf-yearly journal  a[New Delhi] :bNational Council of Educational Research and Training,c2001- av. ;c25 cm. aSemiannual aBegan with: Vol. l, no. l (July 1966). aDescription based on: Vol. 27, no. 4 (Oct. 1992); title from cover. aEducationxAbstratszIndiavPeriodicals. aNational Council of Educational Research and Training (India)